000 00905nas a2200277 4500
001 BR7406725
003 BR-BrBNA
005 20231205082749.0
007 ta
008 230509b bl.|||p| |||| 00| 00por d
040 _aBR-BrBNA
_bpor
_cBiblioteca Nacional de Agricultura
041 _a(Pt)
072 _aH20
100 1 _aMatta, E.A.F. da
100 1 _aLunna, A.M.F.
100 1 _aBenevides, L.E.
245 1 _aOcorrencia de Mycospherella melonis (Pass)Chiu e Walker no nordeste na regiao do medio Sao Francisco em cultivos de melao (Cucumis Melo L.)[Bahia, Brasil]
650 _aPODRIDAO DE MICOSFERELA
650 _aFUNGO
650 _aDIAGNOSTICO
650 _aDOENCA DE PLANTA
650 _aBAHIA
773 0 _tBoletim do Instituto Biologico da Bahia (Brazil)
_xISSN 0020-3661
_g(1974), v. 13(1) p. 71-75
_wBR7406725
909 _a202311
_bLúcia
_c55
_dLúcia Elande
942 _2AGRIS
_n0
_cANA
999 _c94082
_d94082